Score 0/25 Timer 03:00
0 Plays Today
% Correct
The Lord of the Rings: The Return of the King (2003)
88.1%
Gone with the Wind (1939)
85.5%
Titanic (1997)
82.6%
Schindler's List (1993)
81.7%
The Ten Commandments (1956)
79.7%
The Godfather Part II (1974)
79.4%
Lawrence of Arabia (1962)
78.4%
Ben-Hur (1959)
78%
Dances with Wolves (1990)
76.2%
Gandhi (1982)
75%
Doctor Zhivago (1965)
68.5%
Cleopatra (1963)
68.1%
JFK (1991)
61.9%
% Correct
The Deer Hunter (1978)
55.3%
King Kong (2005)
53%
The Green Mile (1999)
51.2%
Judgment at Nuremberg (1961)
50.6%
Malcolm X (1992)
49.7%
Barry Lyndon (1975)
37.1%
Reds (1981)
34.8%
Magnolia (1999)
33.8%
Giant (1956)
33.7%
The Right Stuff (1983)
33.1%
Ryan's Daughter (1970)
27.3%
Short Cuts (1993)
19.3%
Remove Ads.
Support Sporcle.
Get the best of Sporcle when you Go Orange. This ad-free experience offers more features, more stats, and more fun while also helping to support Sporcle. Thank you for becoming a member.

You're not logged in!

Compare scores with friends on all Sporcle quizzes.
OR
Log In

Sporcle TV

Today on Sporcle TV


Watch our educational content, quiz creation guides, and fun videos on Sporcle TV.

Show Comments

Extras

Top Quizzes Today


Score Distribution

Paid Content

Your Account Isn't Verified!

In order to create a playlist on Sporcle, you need to verify the email address you used during registration. Go to your Sporcle Settings to finish the process.

Report this User

Report this user for behavior that violates our Community Guidelines.

Details: